Jane eyre Stage 6 (2500 Headwords)

محفوظ في:
التفاصيل البيبلوغرافية
المؤلف الرئيسي: Brontê, Charlotte
التنسيق: كتاب
منشور في: Oxford Oxford Univ. Press 2000
سلاسل:Oxford Bookworms Library
الموضوعات:
الوسوم: إضافة وسم
لا توجد وسوم, كن أول من يضع وسما على هذه التسجيلة!
Thư viện lưu trữ: Trung tâm Học liệu Lê Vũ Hùng, Trường Đại học Đồng Tháp
LEADER 00772pam a22002538a 4500
001 00028052
005 20171026081022.0
008 111223s2000 ||||||Engsd
020 # # |a 0194230880 
041 0 # |a Eng 
082 1 4 |a 823  |b J105E 
100 1 # |a Brontê, Charlotte 
245 1 0 |c Charlotte Brontê  |a Jane eyre  |b Stage 6 (2500 Headwords) 
260 # # |a Oxford  |b Oxford Univ. Press  |c 2000 
300 # # |a 120p.  |b ill.  |c 20cm. 
490 # # |a Oxford Bookworms Library 
650 # 4 |a Văn học Anh  |x Truyện ngắn 
653 # # |a Văn học Anh hiện đại 
852 # # |b Kho đọc  |j KD.0012426 
852 # # |j KD.0012426 
910 0 # |a Ntuyet  |d 23/12/2011 
980 # # |a Trung tâm Học liệu Lê Vũ Hùng, Trường Đại học Đồng Tháp